000 00509nam a2200181Ia 4500
001 17875
005 20260306171549.0
008 260306s9999||||xx |||||||||||||| ||und||
041 _aESP
082 _a658.3
_bCH243
100 _aCheese, Peter
_eAUT
245 0 _aLa organización basada en el talento:
_bestrategias para un mundo global, gestión del talento y el alto rendimiento
260 _c2008
300 _a288 páginas :
_c25 cm.
650 _aGEN
654 _aCAN
942 _cLIB
_dJUS
_fJUS
_2ddc
_n
999 _c17875
_d17875